000 00379cam a2200157ua 4500
041 _aeng
_h
082 _a230
_bKEM/IM
100 _aKempis, Thomas.A .
245 _aImitation of Christ /
_cA.Thomas Kempis.
_hTextual Documents
250 _a2 /
_b.
260 _a :
_bJ M Dent and Sons Ltd ,
_c1960.
300 _a227 ; .
504 _a
942 _cBK
999 _c2240
_d2240